|
|
|
|
| LEADER |
00893nam a2200241 a 4500 |
| 001 |
GR-Patra17743 |
| 008 |
040624s mau e b 000 0 eng d |
| 020 |
|
|
|a 0070529868
|
| 040 |
|
|
|a GrPaTEI
|b gre
|c GR-PaULI
|
| 040 |
|
|
|a GrPaTEI
|b gre
|c GR-PaULI
|
| 082 |
|
0 |
|a 624.068
|2 21
|
| 100 |
1 |
|
|a Ritz, George J.
|
| 245 |
1 |
0 |
|a Total construction project management /
|c George J. Ritz.
|
| 260 |
|
|
|a Boston :
|b McGraw-Hill,
|c c1994
|
| 300 |
|
|
|a 448σ.
|
| 504 |
|
|
|a Περιλαμβάνει βιβλιογραφία.
|
| 650 |
|
0 |
|a Construction industry
|x Management
|
| 650 |
|
4 |
|a Μάνατζμεντ
|
| 710 |
0 |
|
|a McGraw-Hill
|
| 942 |
|
|
|2 ddc
|
| 952 |
|
|
|0 0
|1 0
|2 ddc
|4 0
|6 624_068000000000000_RIT
|7 0
|9 297513
|a LISK
|b LISK
|c BSC
|d 2021-01-17
|e 24
|f 0
|g 0.00
|l 0
|o 624.068 RIT
|p 92410025277
|r 2021-01-17 00:00:00
|t 1
|w 2021-01-17
|y BK15
|x 20040624 0 1
|x GrPaTEI
|
| 971 |
|
|
|a .b26652584
|b 15-04-20
|c 23-09-16
|
| 999 |
|
|
|c 173351
|d 173351
|